| 000 | 00883nam0a22002531 4500 | ||
|---|---|---|---|
| 001 | rc\153680 | ||
| 005 | 20250620211512.0 | ||
| 035 | _a(NLR Aleph) 005421259 | ||
| 090 |
_a7478174 _c7478174 |
||
| 100 | _a20030307d1992 |||y0rusy50 ca | ||
| 101 | 0 | _arus | |
| 102 | _aRU | ||
| 105 | _aa ||||||||| | ||
| 200 | 1 | _aНагрузка пучком активного резонатора в стационарном режиме | |
| 210 |
_aМ. _cБ. и. _d1992 |
||
| 215 |
_a31 с. _cил. _d20 |
||
| 225 | 1 |
_aПрепринт _fРос. акад. наук. Физ. ин-т им. П.Н. Лебедева. Лаб. пробл. новых ускорителей _v14 _iФизика плазмы |
|
| 320 | _aБиблиогр.: с. 22 | ||
| 700 | 1 |
_aМартынчук _bН.Н. |
|
| 801 | 0 |
_aRU _bNLR _gpsbo |
|
| 801 | 1 |
_aRU _bELAR _2rusmarc |
|
| 852 |
_aNLR _j92-4/2010 |
||
| 942 | _cBOOK | ||
| 980 | _aNB | ||